000
00220nam a2200097Ia 4500
005
20251222175817.0
008
251222s9999||||xx |||||||||||||| ||spa||
082
_a
DVD0070/D18/2000
245
0
_a
Billy Elliot:
942
_c
DVD
999
_c
40341
_d
40341